MARC

LEADER 00000nam0a2200000 4500
001 282545
005 20231101235517.0
020 |a RU  |b 84-52376 
035 |a (RuTPU)RU\TPU\book\306468 
090 |a 282545 
100 |a 20150131d1984 km y0rusy5003 ca 
101 0 |a rus 
102 |a RU 
105 |a a z 001zy 
200 1 |a Гражданские крупнопанельные здания на Крайнем Севере  |f Н. Д. Шкляров, М. С. Калинин 
210 |a Ленинград  |c Стройиздат  |d 1984 
215 |a 172 с.  |c ил. 
320 |a Библиогр.: с. 171 
606 1 |a Жилые здания крупнопанельные  |x Эксплуатация  |2 stltpush  |3 (RuTPU)RU\TPU\subj\11078  |9 38064 
610 1 |a гражданские здания крупнопанельные 
610 1 |a строительство в условиях вечной мерзлоты 
610 1 |a Крайний Север 
610 1 |a Норильск 
610 1 |a опыт 
610 1 |a микроклимат 
610 1 |a конструктивные элементы 
675 |a 69.059.1  |z rus  |v 3 
700 1 |a Шкляров  |b Н. Д.  |g Николай Данилович  |4 070 
701 1 |a Калинин  |b М. С.  |g Михаил Семенович  |4 070 
801 0 |a RU  |b RuMRKP  |c 19950704  |g psbo 
801 1 |a RU  |b 63413507  |c 20150131 
801 2 |a RU  |b 63413507  |c 20170725  |g RCR 
942 |c BK